Přeskočit na obsah

Электроэнцефалография учебно-методическое пособие

Учебно-методическое пособие разработано для студентов бакалавриата, по направлениям подготовки 06.03.01 «Биология» и 44.03.05 Педагогическое образование (с двумя профилями подготовки) профили «Биология» и «Химия», «Биология» и «Безопасность жизнедеятельности». Учебно-методическое пособие предназначе...

Celý popis

Uloženo v:
Podrobná bibliografie
Médium: Книга
Jazyk:Russian
Vydáno: Кызыл ТувГУ 2020
On-line přístup:https://e.lanbook.com/book/156144
https://e.lanbook.com/img/cover/book/156144.jpg
Tagy: Přidat tag
Žádné tagy, Buďte první, kdo otaguje tento záznam!
LEADER 02096nam0a2200241 i 4500
001 156144
003 RuSpLAN
005 20221220174107.0
008 221220s2020 ru gs 000 0 rus
040 |a RuSpLAN 
041 0 |a rus 
044 |a ru 
080 |a 612 
084 |a Е9я73  |2 rubbk 
245 0 0 |a Электроэнцефалография  |b учебно-методическое пособие 
260 |a Кызыл  |b ТувГУ  |c 2020 
300 |a 48 с. 
504 |a Библиогр.: доступна в карточке книги, на сайте ЭБС Лань 
520 8 |a Учебно-методическое пособие разработано для студентов бакалавриата, по направлениям подготовки 06.03.01 «Биология» и 44.03.05 Педагогическое образование (с двумя профилями подготовки) профили «Биология» и «Химия», «Биология» и «Безопасность жизнедеятельности». Учебно-методическое пособие предназначено для проведения практических и лабораторных занятий по дисциплине «Физиология человека» на биологических факультетах высших учебных заведений. В учебно-методическом пособии приведены контрольные вопросы для самостоятельной работы студентов. В учебно-методическом пособии изложены наиболее доступные и демонстративные методы проведения практических работ по электроэнцефалографии. 
521 8 |a Книга из коллекции ТувГУ - Биология 
856 4 |u https://e.lanbook.com/book/156144 
856 4 8 |u https://e.lanbook.com/img/cover/book/156144.jpg 
953 |a https://e.lanbook.com/img/cover/book/156144.jpg